000 01384cam a2200289 a 4500
001 2751
005 20240116145226.0
020 _a9780545568456
040 _aDLC
_cDLC
_dDLC
_beng
050 0 0 _aQC981.8.G56
_b2012
082 0 0 _a363.738
100 1 _aArnold, Caroline
245 1 2 _aA warmer world :
_bfrom polar bears to butterflies, how climate change affects wildlife /
_cCaroline Arnold ; illustrated by Jamie Hogan.
250 _aPrinted in the U.S.A
260 _aNew York :
_bScholastic,
_c2012
300 _a31 pages :
_bcolor illustrations ;
_c26 cm.
505 _aZ
520 _aOver the past several decades, our world has been warming at a faster rate than ever before. Winters are shorter. Sea levels have risen. Territories of predators and prey have shifted. To survive in this new environment, animals everywhere have had to adapt, or face extinction. Complemented by Jamie Hogan's rich collage illustrations, A Warmer World offers young readers a clear-eyed look at the effects of climate change on animals around the world--
521 _a1110
_bLexile
521 _aZ
_bRaz-Plus
650 0 _aGlobal warming
_vJuvenile literature.
650 0 _aClimatic changes
_vJuvenile literature.
650 0 _aWildlife resources
_xClimatic factors.
700 1 _aHogan, Jamie
906 _a7
_bcbc
_corignew
_d1
_eecip
_f20
_gy-gencatlg
942 _2ddc
_cBK
_n0
999 _c2751
_d2751